Power and the Soviet Elite: "The letter of an old Bolshevik" (Record no. 411174)

000 -LEADER
fixed length control field 00537cam a22001457a 4500
008 - FIXED-LENGTH DATA ELEMENTS--GENERAL INFORMATION
fixed length control field 180718b1965 xxu||||| |||| 00| 0 eng d
082 ## - DEWEY DECIMAL CLASSIFICATION NUMBER
Classification number A6x47 N542
100 ## - MAIN ENTRY--PERSONAL NAME
Personal name Nicolaevsky, Boris I.
245 ## - TITLE STATEMENT
Title Power and the Soviet Elite: "The letter of an old Bolshevik"
Statement of responsibility, etc. by Boris I. Nicolaevsky; edited by JAnet D. Zagoria
260 ## - PUBLICATION, DISTRIBUTION, ETC.
Place of publication, distribution, etc. London
Name of publisher, distributor, etc. Pall MAll
Date of publication, distribution, etc. 1965
300 ## - PHYSICAL DESCRIPTION
Extent xxi,275p.
650 ## - SUBJECT ADDED ENTRY--TOPICAL TERM
Topical term or geographic name entry element Soviet Union --Politics and government.
650 ## - SUBJECT ADDED ENTRY--TOPICAL TERM
Topical term or geographic name entry element Kommunisticheskai?a? partii?a? Sovetskogo Soi?u?za --History
700 ## - ADDED ENTRY--PERSONAL NAME
Personal name Zagoria, JAnet D.
Holdings
Withdrawn status Lost status Damaged status Not for loan Permanent Location Current Location Date acquired Full call number Barcode Date last seen Price effective from Koha item type
        Indian Institute of Public Administration Indian Institute of Public Administration 2009-01-28 A6x47 N542 40087 2018-07-21 2018-07-21 Book

Powered by Koha